000 00668nam a22002177a 4500
003 OSt
005 20250314135209.0
008 210216b 2020 dr 00| 0 eng d
020 _a9789945094077
040 _aDO-SdBNP
_bspa
_cBNPHU
082 4 _a320
_bC744d
_222
100 1 _aConcepción, Luis Alberto
_972655
245 1 0 _aDe política y algo más /
_cLuis Alberto Concepción.
260 _aSanto Domingo :
_bBúho,
_c2020.
300 _a138 p. ;
_c23 cm.
500 _aIncluye datos biográficos del autor en las solapas
590 _aInventariado, 2021 /LP
650 0 _aCiencia política
_95772
910 _aValidado. Control de calidad MFF
942 _2ddc
_cLBS1
999 _c49374
_d49374